000 00702nam a2200289Ia 4500
005 20260324121804.0
008 008 260324s9999 xx 000 0 eng d
020 _a9780240818061
037 _aEBOOK
040 _aCRL
040 _beng
040 _cCRL
041 _2eng
041 _aeng
084 _qCRL
100 _aFloyd Norman
_91163884
245 0 _aAnimated Life
245 2 _bA Lifetime of tips, tricks, techniques and stories from a Disney Legend
260 _bTaylor and Francis
260 _c2013
365 _a
365 _b360
856 _uhttp://www.taylorfrancis.com/books/9780240818061
942 _cEBOOK
999 _c1756194
_d1756194